नारायण राव (Record no. 172185)
[ view plain ]
| 000 -LEADER | |
|---|---|
| fixed length control field | 00913nam a22002297a 4500 |
| 003 - CONTROL NUMBER IDENTIFIER | |
| control field | dpl |
| 005 - DATE AND TIME OF LATEST TRANSACTION | |
| control field | 20200128161901.0 |
| 008 - FIXED-LENGTH DATA ELEMENTS--GENERAL INFORMATION | |
| fixed length control field | 200128b ||||| |||| 00| 0 eng d |
| 010 ## - LIBRARY OF CONGRESS CONTROL NUMBER | |
| LC control number | B-000061 |
| 020 ## - INTERNATIONAL STANDARD BOOK NUMBER | |
| International Standard Book Number | 8126001909 |
| Terms of availability | 125.00 |
| 040 ## - CATALOGING SOURCE | |
| Transcribing agency | 0 |
| 050 ## - LIBRARY OF CONGRESS CALL NUMBER | |
| Classification number | उ |
| Item number | बापिरा |
| 082 ## - DEWEY DECIMAL CLASSIFICATION NUMBER | |
| Classification number | उ |
| Item number | बापिरा |
| 100 ## - MAIN ENTRY--PERSONAL NAME | |
| Personal name | बापिरा,श्रडिवि |
| 245 ## - TITLE STATEMENT | |
| Title | नारायण राव |
| Statement of responsibility, etc | श्रडिवि बापिरा |
| Medium | HN |
| 246 ## - VARYING FORM OF TITLE | |
| Title proper/short title | Narayan Rao |
| 260 ## - PUBLICATION, DISTRIBUTION, ETC. (IMPRINT) | |
| Place of publication, distribution, etc | नयी दिल्ली |
| Name of publisher, distributor, etc | साहित्य अकादेमी |
| Date of publication, distribution, etc | 2000 |
| 270 ## - ADDRESS | |
| Address | रवीन्द्र भवन, फिरोज़शाह रोड |
| City | नयी दिल्ली |
| Country | इंडिया |
| Postal code | 110001 |
| 300 ## - PHYSICAL DESCRIPTION | |
| Extent | 495 |
| Dimensions | 15सेमी |
| 700 ## - ADDED ENTRY--PERSONAL NAME | |
| Personal name | चौधरी, रमेश |
| 942 ## - ADDED ENTRY ELEMENTS (KOHA) | |
| Source of classification or shelving scheme | Dewey Decimal Classification |
| Koha item type | Hindi Books |
| Classification part | उ |
| Item part | बापिरा |
| Call number prefix | उ |
| Call number suffix | बापिरा |
| Withdrawn status | Lost status | Source of classification or shelving scheme | Damaged status | Not for loan | Collection code | Home library | Current library | Date acquired | Source of acquisition | Cost, normal purchase price | Total Checkouts | Full call number | Barcode | Date last seen | Cost, replacement price | Price effective from | Koha item type |
|---|---|---|---|---|---|---|---|---|---|---|---|---|---|---|---|---|---|
| Dewey Decimal Classification | Fiction | Shahdara Branch | Shahdara Branch | 28/01/2020 | BPPD/PUB | 125.00 | उ बापिरा | B-000061 | 28/01/2020 | 125.00 | 28/01/2020 | Hindi Books |
